书目信息 |
| 题名: |
为什么偏偏是俄罗斯
|
|
| 作者: | 蔡伟 | |
| 分册: | ||
| 出版信息: |
|
|
| 页数: | 138页 | |
| 开本: | 19cm | |
| 丛书名: | ||
| 单 册: | ||
| 中图分类: | K511.2-44 | |
| 科图分类: | ||
| 主题词: | 东欧--历史 , 中欧--历史 | |
| 电子资源: | ||
| ISBN: | 7-5012-0674-0 | |
| 000 | 00513nam0 2200193 45 | |
| 001 | 0308271017 | |
| 005 | 20030827105609.0 | |
| 010 | @a7-5012-0674-0@dRMB11.00 | |
| 100 | @a20030827d km y0chiy0120 ea | |
| 101 | @achi | |
| 105 | @a z 000yy | |
| 200 | 1 | @a为什么偏偏是俄罗斯@Awei shi mo pian pian shi e luo si@f蔡伟@Fcai wei |
| 215 | @a138页@c无图表@d19cm | |
| 606 | 0 | @a东欧@x历史 |
| 606 | 0 | @a中欧@x历史 |
| 690 | @aK511.2-44@v3 | |
| 701 | 0 | @a蔡伟 |
| 801 | @aCN@b@c20030827 | |
| 905 | @aBZT@dK511.2-44@e6 | |
| 为什么偏偏是俄罗斯/蔡伟 |
| 138页:无图表;19cm |
| ISBN 7-5012-0674-0:RMB11.00 |
| ● |
| 相关链接 |
|
|
|
正题名:为什么偏偏是俄罗斯
索取号:K511.2-44/6
 
预约/预借
| 序号 | 登录号 | 条形码 | 馆藏地/架位号 | 状态 | 备注 |
| 1 | 77532 | 200248142 | 中心书库南/020架B面3层4列/ [索取号:K511.2-44/6] | 在馆 | |
| 2 | 77533 | 200248133 | 中心书库南/020架B面3层4列/ [索取号:K511.2-44/6] | 在馆 |